Statistics for Undertale Characters

Click here to take the quiz!

General Stats

  • This quiz has been taken 19 times
  • The average score is 13 of 14

Answer Stats

HintAnswer% Correct
...take care of Mama and Papa for me, okay?Asriel
100%
The main character you play asFrisk
100%
Spaghetti-loving, future royal guard skeletonPapyrus
100%
Your favorite PUN-ny skeletonSans
100%
Our loving goat mamaToriel
100%
Captain of the royal guardUndyne
100%
Anime-loving royal scientistAlphys
93%
He destroyed your mercy button :(Asgore
93%
The murderous, main antagonist (isn't really the villain of the game tho)Chara
93%
Oh look it's a talking flowe---AHHHHHHHFlowey
93%
The owner of the bar Sans takes you toGrillby
93%
Knock 'em dead, darlingMettaton
93%
Everyone's favorite talking spider...that doesn't sound right, does it?Muffet
93%
Introverted cinnamon roll who might as well be a DJNapstablook
80%

Score Distribution

Percentile by Number Answered

Percent of People with Each Score

Your Score History

You have not taken this quiz